000 00673cam a22002533a 4500
001 31692
003 PGUSA
005 20140828083703.0
008 100318s2010||||xxu|||||s|||||000 1 eng d
040 _aPGUSA
_beng
042 _adc
050 4 _aPS
100 1 _aWolf, Mari,
_d1927-
245 1 0 _aHomo Inferior
_h[electronic resource] /
_cMari Wolf
260 _bProject Gutenberg,
_c2010
506 _aPublic domain in the USA.
516 _aElectronic text
653 _aSpace ships -- Fiction
653 _aScience fiction
700 1 _aPalais, Rudolph
830 0 _aProject Gutenberg
_v31692
856 4 0 _uhttp://www.gutenberg.org/ebooks/31692
942 _cEB
999 _c260947
_d260947